[Event "1st FIDE OWCCCC Pools-East 2021"]
[Site "Online"]
[Date "2021.02.20"]
[Round "5.8"]
[White "Einwiller, Bernd"]
[Black "Chlost, Marlena"]
[Result "1-0"]
[WhiteElo "2160"]
[BlackElo "2160"]
[Annotator "NA"]
[PlyCount "109"]
[EventDate "2021.02.19"]
[EventType "team-tourn"]
[EventCountry "NET"]
[SourceTitle "playchess.com"]
[Source "ChessBase"]
[SourceQuality "1"]

1. c4 e5 2. g3 Nf6 3. Bg2 d5 4. cxd5 Nxd5 5. Nc3 Nb6 6. Nf3 Nc6 7. O-O Be7 8. a3 O-O 9. b4 a6 10. d3 Be6 11. Be3 Nd5 12. Nxd5 Bxd5 13. Qc2 Nd4 14. Nxd4 exd4 15. Bf4 c6 16. Qb2 Bxg2 17. Kxg2 Qd5+ 18. Kg1 Rfe8 19. Qa2 Rad8 20. Qxd5 Rxd5 21. Rfc1 Bf8 22. Kf1 g5 23. Bc7 g4 24. Rc2 Re6 25. Bf4 a5 26. Rb1 axb4 27. axb4 Rh5 28. Kg2 Rb5 29. Rc4 c5 30. e3 dxe3 31. Bxe3 Rxb4 32. Rbxb4 cxb4 33. Rxg4+ Kh8 34. Bd4+ f6 35. Kf1 Be7 36. Re4 Rxe4 37. dxe4 Kg7 38. Ke2 Kg6 39. f4 b3 40. Bb2 Bc5 41. h3 Bg1 42. g4 Bh2 43. Kf3 Bg1 44. e5 fxe5 45. Bxe5 Bc5 46. Bb2 b5 47. Ke4 Bd6 48. h4 b4 49. f5+ Kf7 50. g5 Bg3 51. h5 Be1 52. Kd3 Bh4 53. g6+ hxg6 54. fxg6+ Kg8 55. h6 1-0

[Event "1st FIDE OWCCCC Pools-East 2021"]
[Site "Online"]
[Date "2021.02.20"]
[Round "5.8"]
[White "Beltz, Franziska"]
[Black "Ginzburg, Igor"]
[Result "0-1"]
[WhiteElo "2072"]
[BlackElo "2020"]
[Annotator "NA"]
[PlyCount "52"]
[EventDate "2021.02.19"]
[EventType "team-tourn"]
[EventCountry "NET"]
[SourceTitle "playchess.com"]
[Source "ChessBase"]
[SourceQuality "1"]

1. e4 c5 2. Nf3 e6 3. d4 cxd4 4. Nxd4 Nf6 5. Bd3 Nc6 6. Nb3 d6 7. O-O Be7 8. Kh1 O-O 9. f4 Bd7 10. Nc3 Rc8 11. Qe2 e5 12. Nd5 Nxd5 13. exd5 Nb4 14. fxe5 dxe5 15. Qxe5 Nxd3 16. cxd3 Bf6 17. Qg3 Re8 18. d4 Bb5 19. Rd1 Qxd5 20. Bh6 Re2 21. Rac1 Bc6 22. Rg1 Rce8 23. Rcf1 Rxb2 24. Rxf6 Rxg2 25. Qxg2 Qxg2+ 26. Rxg2 Re1+ 0-1

[Event "1st FIDE OWCCCC Pools-East 2021"]
[Site "Online"]
[Date "2021.02.20"]
[Round "5.8"]
[White "Spalt, Bernhard"]
[Black "Vekua, Temur"]
[Result "1/2-1/2"]
[WhiteElo "1954"]
[BlackElo "1916"]
[Annotator "NA"]
[PlyCount "88"]
[EventDate "2021.02.19"]
[EventType "team-tourn"]
[EventCountry "NET"]
[SourceTitle "playchess.com"]
[Source "ChessBase"]
[SourceQuality "1"]

1. c4 Nf6 2. g3 c6 3. Nf3 d5 4. Bg2 Nbd7 5. O-O e5 6. b3 e4 7. Ne1 Bd6 8. Bb2 Be5 9. Bxe5 Nxe5 10. cxd5 cxd5 11. d3 Be6 12. Nc3 Rc8 13. Rc1 Qa5 14. Na4 O-O 15. dxe4 Nxe4 16. Rxc8 Rxc8 17. Nd3 Nxd3 18. Qxd3 Nc5 19. Nxc5 Qxc5 20. Rd1 Rd8 21. h4 g6 22. Qd4 Qxd4 23. Rxd4 Rd7 24. e4 dxe4 25. Rxd7 Bxd7 26. Bxe4 b6 27. Kf1 Kf8 28. Ke2 Ke7 29. Ke3 Kd6 30. Kd4 Be6 31. Bc2 a5 32. a3 Bd7 33. a4 Be6 34. Bd1 f6 35. Bc2 Bf7 36. Bd1 h6 37. Bc2 g5 38. Bd1 f5 39. f4 gxf4 40. gxf4 Be6 41. Bc2 Bd7 42. Bd1 Be6 43. Bc2 Bd7 44. Bd1 Be6 1/2-1/2

[Event "1st FIDE OWCCCC Pools-East 2021"]
[Site "Online"]
[Date "2021.02.20"]
[Round "5.9"]
[White "Demchenko, Anton"]
[Black "Sodoma, Jan"]
[Result "1-0"]
[WhiteElo "2610"]
[BlackElo "2306"]
[Annotator "TA"]
[PlyCount "37"]
[EventDate "2021.02.19"]
[EventType "team-tourn"]
[EventCountry "NET"]
[SourceTitle "playchess.com"]
[Source "ChessBase"]
[SourceQuality "1"]

1. e4 e5 2. Nf3 Nc6 3. Bc4 Nf6 4. d3 Be7 5. O-O O-O 6. Re1 d6 7. a4 Na5 8. Ba2 c5 9. c3 Nc6 10. Na3 h6 11. Bd2 Re8 12. Nc4 Bf8 13. h3 Be6 14. Qb1 b6 15. Ne3 g6 16. Bc4 a6 17. Qa2 Qd7 18. Bxe6 Qd8 19. Bxf7+ 1-0

[Event "1st FIDE OWCCCC Pools-East 2021"]
[Site "Online"]
[Date "2021.02.20"]
[Round "5.9"]
[White "Bernasek, Jan"]
[Black "Berend, Elvira"]
[Result "1-0"]
[WhiteElo "2498"]
[BlackElo "2326"]
[Annotator "TA"]
[PlyCount "103"]
[EventDate "2021.02.19"]
[EventType "team-tourn"]
[EventCountry "NET"]
[SourceTitle "playchess.com"]
[Source "ChessBase"]
[SourceQuality "1"]

1. d4 Nf6 2. c4 e6 3. Bg5 Bb4+ 4. Nd2 h6 5. Bh4 d5 6. e3 O-O 7. Ngf3 b6 8. Bd3 Bb7 9. O-O Be7 10. Rc1 Nbd7 11. Qe2 c5 12. Rfd1 cxd4 13. Nxd4 Ne5 14. Bb1 Ne4 15. cxd5 Nxd2 16. Bxe7 Qxe7 17. Qxd2 Bxd5 18. Qc2 g6 19. e4 Bb7 20. Qc7 Qxc7 21. Rxc7 Rfd8 22. Rxb7 Nc6 23. Kf1 Nxd4 24. Ke1 e5 25. Rc1 Ne6 26. a3 Nc5 27. Re7 Re8 28. Rxe8+ Rxe8 29. b4 Ne6 30. Ba2 a5 31. Rc6 axb4 32. axb4 Nd4 33. Rxg6+ Kf8 34. Rxb6 Ra8 35. Bd5 Ra1+ 36. Kd2 Rb1 37. f4 exf4 38. Rb7 Ne6 39. Kc2 Rg1 40. e5 f3 41. Bxf3 Nd4+ 42. Kd3 Nxf3 43. gxf3 Re1 44. f4 h5 45. b5 h4 46. Rb8+ Kg7 47. b6 Rb1 48. b7 h3 49. f5 Rb2 50. e6 fxe6 51. fxe6 Rb3+ 52. Kc2 1-0

[Event "1st FIDE OWCCCC Pools-East 2021"]
[Site "Online"]
[Date "2021.02.20"]
[Round "5.9"]
[White "Khatoev, Eduard"]
[Black "Georgiadis, Ioannis"]
[Result "1/2-1/2"]
[WhiteElo "2409"]
[BlackElo "2487"]
[Annotator "ChessBase"]
[PlyCount "107"]
[EventDate "2021.02.19"]
[EventType "team-tourn"]
[EventCountry "NET"]
[SourceTitle "playchess.com"]
[Source "ChessBase"]
[SourceQuality "1"]

1. Nf3 Nf6 2. c4 e6 3. Nc3 Bb4 4. Qc2 O-O 5. a3 Bxc3 6. Qxc3 d6 7. g3 e5 8. d3 Re8 9. Bg2 a5 10. b3 c5 11. O-O Nc6 12. e3 Bf5 13. Nd2 Qd7 14. Re1 Bh3 15. Bh1 Rad8 16. Bb2 Qf5 17. Ne4 Nxe4 18. Bxe4 Qh5 19. Qd2 Bg4 20. Bc3 Ra8 21. b4 axb4 22. axb4 Bf3 23. Bxf3 Qxf3 24. bxc5 dxc5 25. Reb1 Rxa1 26. Bxa1 h5 27. Qd1 Qxd1+ 28. Rxd1 Rd8 29. Kf1 f6 30. Ke2 Ra8 31. Bc3 Ra2+ 32. Rd2 Rxd2+ 33. Bxd2 Kf7 34. h3 Ke6 35. g4 hxg4 36. hxg4 g6 37. Kf3 f5 38. gxf5+ gxf5 39. Bc3 b6 40. Ke2 Kd6 41. f3 Ke6 42. Kd2 Kd6 43. Kc2 Ne7 44. d4 e4 45. fxe4 fxe4 46. dxc5+ bxc5 47. Bg7 Nf5 48. Bf8+ Kc6 49. Kd2 Nh4 50. Be7 Nf3+ 51. Kc3 Ne5 52. Bf8 Ng4 53. Kd2 Ne5 54. Kc3 1/2-1/2

[Event "1st FIDE OWCCCC Pools-East 2021"]
[Site "Online"]
[Date "2021.02.20"]
[Round "5.9"]
[White "Sikorova, Olga"]
[Black "Anima, Lnu"]
[Result "1-0"]
[WhiteElo "2215"]
[BlackElo "791"]
[Annotator "NA"]
[PlyCount "67"]
[EventDate "2021.02.19"]
[EventType "team-tourn"]
[EventCountry "NET"]
[SourceTitle "playchess.com"]
[Source "ChessBase"]
[SourceQuality "1"]

1. c4 e5 2. g3 d6 3. Bg2 Nf6 4. Nc3 Be7 5. d3 h6 6. b3 Bd7 7. Bxb7 Bc6 8. Bxc6+ Nxc6 9. Nf3 Qd7 10. h3 Nd4 11. e3 Nc6 12. a3 Rb8 13. Rb1 d5 14. cxd5 Nxd5 15. Nxd5 Qxd5 16. O-O Rd8 17. Bb2 Qxd3 18. Qxd3 Rxd3 19. Nxe5 Nxe5 20. Bxe5 Bd6 21. Bxg7 Rh7 22. Bd4 h5 23. h4 a6 24. Rfd1 Rxd1+ 25. Rxd1 Bxa3 26. Ra1 Bd6 27. Rxa6 Kd7 28. Kg2 Rh6 29. Kf3 Rg6 30. Ra5 Rh6 31. e4 Ke8 32. e5 Bb4 33. Rb5 Ba3 34. Ke4 1-0

[Event "1st FIDE OWCCCC Pools-East 2021"]
[Site "Online"]
[Date "2021.02.20"]
[Round "5.9"]
[White "Ayyad, Maher"]
[Black "Rozhkov, Viacheslav"]
[Result "0-1"]
[WhiteElo "2064"]
[BlackElo "2239"]
[Annotator "TA"]
[PlyCount "56"]
[EventDate "2021.02.19"]
[EventType "team-tourn"]
[EventCountry "NET"]
[SourceTitle "playchess.com"]
[Source "ChessBase"]
[SourceQuality "1"]

1. d4 d5 2. Nf3 Nf6 3. Bf4 e6 4. e3 Bd6 5. Bg3 O-O 6. Bd3 Ne4 7. Bxe4 dxe4 8. Nfd2 f5 9. c4 c5 10. Bxd6 Qxd6 11. Nb3 cxd4 12. Qxd4 Qb4+ 13. Qc3 Nc6 14. O-O Qxc3 15. Nxc3 Ne5 16. c5 Nd3 17. Rab1 Bd7 18. f3 exf3 19. gxf3 Bc6 20. Kg2 a5 21. Rfd1 Ne5 22. Nd4 Rfc8 23. Rbc1 Nc4 24. Kf2 Nxb2 25. Re1 Nd3+ 26. Ke2 Nxe1 27. Rxe1 Bd7 28. f4 Rxc5 0-1

[Event "1st FIDE OWCCCC Pools-East 2021"]
[Site "Online"]
[Date "2021.02.20"]
[Round "5.9"]
[White "Sekar, Ramya"]
[Black "Erenburg, Sergey"]
[Result "0-1"]
[WhiteElo "259"]
[BlackElo "2559"]
[Annotator "ChessBase"]
[PlyCount "60"]
[EventDate "2021.02.19"]
[EventType "team-tourn"]
[EventCountry "NET"]
[SourceTitle "playchess.com"]
[Source "ChessBase"]
[SourceQuality "1"]

1. e4 c6 2. d4 d5 3. exd5 cxd5 4. Nf3 Nc6 5. Bd3 Bg4 6. c3 Qc7 7. O-O e6 8. Bg5 Bd6 9. h3 Bh5 10. Nbd2 Bg6 11. Nb3 Nf6 12. Re1 O-O 13. Bxg6 hxg6 14. Qd3 Rfe8 15. Nbd2 a6 16. Rac1 b5 17. b4 Nd7 18. Nb3 Nb6 19. Nfd2 Nc4 20. Nc5 a5 21. Nxc4 dxc4 22. Qd2 axb4 23. cxb4 Ne7 24. Bxe7 Bf4 25. Qc2 Bxc1 26. Rxc1 Rxe7 27. a4 bxa4 28. Qxc4 Qd6 29. Ra1 a3 30. Ra2 Rea7 0-1

[Event "1st FIDE OWCCCC Pools-East 2021"]
[Site "Online"]
[Date "2021.02.20"]
[Round "5.10"]
[White "terrry"]
[Black "Nezamyatin, Ruslan"]
[Result "1-0"]
[WhiteElo "2582"]
[BlackElo "2070"]
[Annotator "ChessBase"]
[PlyCount "103"]
[EventDate "2021.02.19"]
[EventType "team-tourn"]
[EventCountry "NET"]
[SourceTitle "playchess.com"]
[Source "ChessBase"]
[SourceQuality "1"]

1. e4 e6 2. d4 d5 3. Bd3 dxe4 4. Bxe4 Nf6 5. Bf3 c5 6. Ne2 Nc6 7. Be3 Qb6 8. O-O Bd7 9. Nbc3 cxd4 10. Nxd4 Nxd4 11. Bxd4 Bc5 12. Bxc5 Qxc5 13. Bxb7 Rb8 14. Ne4 Nxe4 15. Bxe4 Rxb2 16. Qd3 Bb5 17. Qg3 O-O 18. Rfe1 Rc8 19. a4 Bc6 20. Bd3 Rb4 21. Re5 Qb6 22. Rae1 g6 23. a5 Qb8 24. Qh3 Rb1 25. Qe3 Rxe1+ 26. Qxe1 Bd5 27. h3 Qb2 28. Qe3 Qb1+ 29. Kh2 Qb7 30. a6 Qc7 31. g3 f6 32. Rxe6 Bxe6 33. Qxe6+ Kg7 34. h4 Rd8 35. Qb3 Rb8 36. Qe6 Qf7 37. Qe3 Re8 38. Qd4 Qe7 39. h5 Qe5 40. Qxa7+ Re7 41. Qb6 Qxh5+ 42. Kg2 Qd5+ 43. Kh2 Qh5+ 44. Kg2 Qd5+ 45. f3 Qe5 46. a7 Qa1 47. Ba6 Re1 48. a8=Q Rh1 49. Qaa7+ Kh6 50. Qe3+ g5 51. Qad4 Rh5 52. Qxa1 1-0

[Event "1st FIDE OWCCCC Pools-East 2021"]
[Site "Online"]
[Date "2021.02.20"]
[Round "5.10"]
[White "Stefanova, Antoaneta"]
[Black "Krishna, Prasad K.C."]
[Result "1-0"]
[WhiteElo "2470"]
[BlackElo "1979"]
[Annotator "TA"]
[PlyCount "145"]
[EventDate "2021.02.19"]
[EventType "team-tourn"]
[EventCountry "NET"]
[SourceTitle "playchess.com"]
[Source "ChessBase"]
[SourceQuality "1"]

1. d4 Nf6 2. Nf3 e6 3. e3 b6 4. Bd3 Bb7 5. O-O c5 6. c4 d6 7. Nc3 Be7 8. d5 e5 9. Ne1 Nbd7 10. f4 exf4 11. exf4 a6 12. a4 Qc7 13. Bd2 O-O-O 14. a5 bxa5 15. Ne2 Rde8 16. Bxa5 Qb8 17. Ng3 g6 18. Ra3 Bd8 19. Bc3 h5 20. Nc2 h4 21. Nh1 Bb6 22. Nf2 Rhg8 23. Kh1 Qc7 24. Nh3 Ne4 25. Be1 f5 26. Bxe4 Rxe4 27. Qd3 Qd8 28. Ng5 Rxf4 29. Rxf4 Qxg5 30. Rf1 Re8 31. Bd2 Qh5 32. Qf3 Qxf3 33. Raxf3 Ne5 34. Rf4 Bd8 35. b3 Bg5 36. R4f2 Bf6 37. h3 Kc7 38. Ba5+ Kb8 39. Re2 Bc8 40. b4 cxb4 41. Nxb4 Bb7 42. Rb1 Kc8 43. Nc6 Rh8 44. Nxe5 Bxe5 45. Rc2 Bd4 46. Bc3 Bxc3 47. Rxc3 Re8 48. c5 Bxd5 49. cxd6+ Kd7 50. Rd1 Kxd6 51. Rcd3 Re5 52. Ra3 Ke7 53. Rxa6 g5 54. Kg1 Be4 55. Ra7+ Ke6 56. Ra6+ Ke7 57. Rc1 Rb5 58. Rc7+ Kd8 59. Rc1 Rb2 60. Kf1 Bxg2+ 61. Ke1 g4 62. hxg4 h3 63. Rh6 fxg4 64. Rc3 Rb1+ 65. Kf2 Rb5 66. Kg3 Rg5 67. Rc4 Bf3 68. Rf4 Kd7 69. Rf7+ Ke8 70. Rc7 Kd8 71. Ra7 Ke8 72. Rh8+ Rg8 73. Rxg8# 1-0

[Event "1st FIDE OWCCCC Pools-East 2021"]
[Site "Online"]
[Date "2021.02.20"]
[Round "5.10"]
[White "Sebe-Vodislav, Razvan-Alexandru"]
[Black "Taborska, Veronika"]
[Result "1-0"]
[WhiteElo "2270"]
[BlackElo "2002"]
[Annotator "NA"]
[PlyCount "65"]
[EventDate "2021.02.19"]
[EventType "team-tourn"]
[EventCountry "NET"]
[SourceTitle "playchess.com"]
[Source "ChessBase"]
[SourceQuality "1"]

1. e4 d6 2. Nf3 Nf6 3. Nc3 g6 4. d4 Bg7 5. Bc4 c6 6. O-O b5 7. Bd3 b4 8. Ne2 O-O 9. c4 bxc3 10. bxc3 Bg4 11. Ng3 Nbd7 12. h3 Bxf3 13. Qxf3 e5 14. Be3 d5 15. Qe2 dxe4 16. Nxe4 Qc7 17. Nxf6+ Bxf6 18. dxe5 Bxe5 19. Bd4 Rae8 20. Qc2 c5 21. Bxe5 Nxe5 22. Be4 Nc6 23. Bd5 Re5 24. Rad1 Rfe8 25. Bc4 Re4 26. Bd3 R4e5 27. Qa4 Rg5 28. Bb5 Re6 29. Bxc6 Rxc6 30. Rfe1 Rf6 31. Re8+ Kg7 32. Qh4 Qe5 33. Rxe5 1-0

[Event "1st FIDE OWCCCC Pools-East 2021"]
[Site "Online"]
[Date "2021.02.20"]
[Round "5.10"]
[White "Kunakbaev, Ilnur"]
[Black "Binzaiman, Ayman"]
[Result "1-0"]
[WhiteElo "2196"]
[BlackElo "1488"]
[Annotator "NA"]
[PlyCount "79"]
[EventDate "2021.02.19"]
[EventType "team-tourn"]
[EventCountry "NET"]
[SourceTitle "playchess.com"]
[Source "ChessBase"]
[SourceQuality "1"]

1. d4 d5 2. c4 Nf6 3. Nc3 c6 4. cxd5 cxd5 5. Nf3 e6 6. Bf4 Nc6 7. e3 a6 8. Ne5 Nxe5 9. Bxe5 Ne4 10. Nxe4 dxe4 11. a3 f6 12. Bg3 Be7 13. Bc4 Bd7 14. O-O O-O 15. Qb3 Kh8 16. Bxe6 Bxe6 17. Qxe6 Qe8 18. Qxe4 Qd7 19. Rac1 Rac8 20. h3 f5 21. Qe5 Bf6 22. Qd6 Qf7 23. Rfd1 Rcd8 24. Qf4 Qe6 25. h4 h6 26. Rc7 g5 27. hxg5 Bxg5 28. Qe5+ Qf6 29. Rdc1 Rfe8 30. Qxf6+ Bxf6 31. Rxb7 h5 32. Rc6 Bg7 33. Rcc7 f4 34. Bxf4 Bxd4 35. exd4 Rxd4 36. Be5+ Kg8 37. Rg7+ Kh8 38. Rh7+ Kg8 39. Rbg7+ Kf8 40. Rh8# 1-0

[Event "1st FIDE OWCCCC Pools-East 2021"]
[Site "Online"]
[Date "2021.02.20"]
[Round "5.10"]
[White "Stysiak, Szymon"]
[Black "Makhnev, Petr"]
[Result "0-1"]
[WhiteElo "2193"]
[BlackElo "1898"]
[Annotator "ChessBase"]
[PlyCount "142"]
[EventDate "2021.02.19"]
[EventType "team-tourn"]
[EventCountry "NET"]
[SourceTitle "playchess.com"]
[Source "ChessBase"]
[SourceQuality "1"]

1. Nf3 d5 2. d4 Nf6 3. c4 c6 4. Nc3 g6 5. Bf4 Bg7 6. e3 O-O 7. h3 Bf5 8. Bd3 Bxd3 9. Qxd3 dxc4 10. Qxc4 Nbd7 11. O-O Nb6 12. Qb3 Nfd5 13. Bh2 Nxc3 14. bxc3 Qd5 15. Rab1 Rac8 16. Rfe1 Rfd8 17. Qc2 Rd7 18. e4 Qc4 19. Nd2 Qe6 20. Nb3 Qc4 21. Rbc1 e5 22. dxe5 Rcd8 23. f4 a5 24. Qf2 Na4 25. Nxa5 Qc5 26. Nb3 Qxf2+ 27. Kxf2 Nb2 28. Nc5 Rd2+ 29. Re2 b6 30. Rc2 Rxc2 31. Rxc2 Nd1+ 32. Ke2 bxc5 33. Bg1 g5 34. g3 gxf4 35. gxf4 Bh6 36. Bh2 c4 37. a4 Rd3 38. a5 Nxc3+ 39. Ke1 Bf8 40. Bg1 Rd1+ 41. Kf2 Nxe4+ 42. Ke3 Rxg1 43. Kxe4 Ra1 44. Rxc4 c5 45. f5 Rxa5 46. Kd5 Ra8 47. Rg4+ Kh8 48. e6 f6 49. Kc6 Rc8+ 50. Kd7 Ra8 51. Re4 Kg8 52. Rg4+ Kh8 53. Re4 Ra7+ 54. Ke8 Bd6 55. Re2 Rc7 56. Kd8 c4 57. e7 Rxe7 58. Rc2 Re4 59. Kd7 Be5 60. Kc6 Kg7 61. Kd5 Rd4+ 62. Ke6 Rd3 63. Rg2+ Rg3 64. Rc2 c3 65. h4 Rd3 66. Rc1 Rd2 67. Rg1+ Kh6 68. Kf7 c2 69. h5 Rd1 70. Rg6+ hxg6 71. hxg6 c1=Q 0-1

[Event "1st FIDE OWCCCC Pools-East 2021"]
[Site "Online"]
[Date "2021.02.20"]
[Round "5.10"]
[White "Ps, Sachin"]
[Black "Slovak, Pavel"]
[Result "0-1"]
[WhiteElo "1472"]
[BlackElo "1991"]
[Annotator "TA"]
[PlyCount "122"]
[EventDate "2021.02.19"]
[EventType "team-tourn"]
[EventCountry "NET"]
[SourceTitle "playchess.com"]
[Source "ChessBase"]
[SourceQuality "1"]

1. e4 c5 2. b3 e6 3. Bb2 d6 4. f4 Nf6 5. Nc3 Nc6 6. Nf3 Be7 7. Bb5 Bd7 8. O-O O-O 9. d3 a6 10. Bxc6 Bxc6 11. Qe2 Nd7 12. Rae1 b5 13. Nd1 Bf6 14. e5 dxe5 15. fxe5 Be7 16. Nf2 Qc7 17. Kh1 a5 18. Nh3 a4 19. Ba1 axb3 20. axb3 Nb6 21. Nf4 Nd5 22. Nxd5 Bxd5 23. Nd2 Ra2 24. Ne4 Bxe4 25. Qxe4 Rxc2 26. Rf3 c4 27. dxc4 Qa5 28. Ref1 Qa2 29. Rg3 bxc4 30. bxc4 Rxc4 31. Qb7 Rf4 32. Rb1 Qf2 33. Rf3 Rxf3 34. Qxf3 Qxf3 35. gxf3 h6 36. Kg2 Bg5 37. Rb7 Rd8 38. Bc3 Rd3 39. Bb4 Rb3 40. Rb8+ Kh7 41. Bd6 Rxb8 42. Bxb8 Bf4 43. Bd6 Kg6 44. Kh3 Kf5 45. Bf8 g6 46. Kh4 h5 47. Bg7 Bxh2 48. Kh3 Bxe5 49. Bxe5 Kxe5 50. Kh4 Kf5 51. Kh3 g5 52. Kh2 Kf4 53. Kh3 Kxf3 54. Kh2 Kf2 55. Kh3 e5 56. Kh2 g4 57. Kh1 h4 58. Kh2 g3+ 59. Kh1 g2+ 60. Kh2 g1=Q+ 61. Kh3 Qg3# 0-1

[Event "1st FIDE OWCCCC Pools-East 2021"]
[Site "Online"]
[Date "2021.02.20"]
[Round "5.11"]
[White "Konstantinov, Vasiliy"]
[Black "Kolar, Pavel"]
[Result "0-1"]
[WhiteElo "2196"]
[BlackElo "2156"]
[Annotator "TA"]
[PlyCount "98"]
[EventDate "2021.02.19"]
[EventType "team-tourn"]
[EventCountry "NET"]
[SourceTitle "playchess.com"]
[Source "ChessBase"]
[SourceQuality "1"]

1. e4 e5 2. Nf3 Nf6 3. Nxe5 d6 4. Nf3 Nxe4 5. d3 Nf6 6. d4 d5 7. h3 Be7 8. Bd3 O-O 9. O-O Nc6 10. c3 Bd7 11. Bf4 Qc8 12. Ne5 Be6 13. Nd2 Re8 14. Re1 Bd6 15. Qf3 Ne7 16. Bg5 Nd7 17. Qh5 g6 18. Qh4 Nf5 19. Bxf5 Bxf5 20. Ndf3 Be4 21. Bf6 Nxf6 22. Qxf6 Qe6 23. Qxe6 fxe6 24. Ng5 Bxe5 25. dxe5 Bd3 26. Rad1 Bb5 27. h4 h6 28. Nf3 c5 29. Nh2 Kg7 30. Ng4 Rf8 31. Nf6 a5 32. Re3 Rad8 33. Rg3 d4 34. cxd4 cxd4 35. Ne4 Rd5 36. Nd6 Be2 37. Rd2 d3 38. Re3 b6 39. b3 Rc5 40. Nc4 Rfc8 41. Kh2 b5 42. Nd6 Rc2 43. Rdxe2 Rxe2 44. Nxc8 Rxe3 45. fxe3 d2 46. Nd6 d1=Q 47. Nxb5 Qd5 48. Nd4 Qxe5+ 49. g3 Qxe3 0-1

[Event "1st FIDE OWCCCC Pools-East 2021"]
[Site "Online"]
[Date "2021.02.20"]
[Round "5.11"]
[White "Rajaraman, Ananth"]
[Black "Von Krogh, Christopher"]
[Result "0-1"]
[WhiteElo "2122"]
[BlackElo "2223"]
[Annotator "NA"]
[PlyCount "48"]
[EventDate "2021.02.19"]
[EventType "team-tourn"]
[EventCountry "NET"]
[SourceTitle "playchess.com"]
[Source "ChessBase"]
[SourceQuality "1"]

1. e4 c6 2. Nc3 d5 3. Nf3 Bg4 4. h3 Bh5 5. g4 Bg6 6. exd5 cxd5 7. Ne5 Nc6 8. Bb5 Rc8 9. Qf3 e6 10. d3 Bd6 11. Bf4 Nge7 12. h4 Bxe5 13. Bxe5 O-O 14. Bg3 Nd4 15. Qd1 Nxb5 16. Nxb5 Qa5+ 17. Nc3 d4 18. h5 dxc3 19. O-O cxb2 20. Rb1 Qc3 21. hxg6 Nxg6 22. f4 Qxc2 23. Rf2 Qxd1+ 24. Rxd1 Rc1 0-1

[Event "1st FIDE OWCCCC Pools-East 2021"]
[Site "Online"]
[Date "2021.02.20"]
[Round "5.11"]
[White "Pilny, Jiri"]
[Black "Saarja, Sreeram"]
[Result "0-1"]
[WhiteElo "1946"]
[BlackElo "1939"]
[Annotator "NA"]
[PlyCount "64"]
[EventDate "2021.02.19"]
[EventType "team-tourn"]
[EventCountry "NET"]
[SourceTitle "playchess.com"]
[Source "ChessBase"]
[SourceQuality "1"]

1. d4 Nf6 2. Nf3 e6 3. Bf4 b6 4. e3 Bb7 5. Nbd2 d6 6. Be2 Nbd7 7. h3 g6 8. O-O Bg7 9. c3 Qe7 10. a4 a5 11. Rc1 O-O 12. b4 Rfc8 13. Qb3 e5 14. Bh2 e4 15. Ne1 axb4 16. cxb4 c5 17. bxc5 dxc5 18. dxc5 Nxc5 19. Qxb6 Nd5 20. Qb1 Nc3 21. Rxc3 Bxc3 22. Nc4 Ba6 23. Qc2 Bxe1 24. Rxe1 Nd3 25. Bxd3 exd3 26. Qxd3 Bxc4 27. Qd4 Rxa4 28. Rc1 Rd8 29. Qc3 Bd5 30. Be5 Rc4 31. Qb2 Rxc1+ 32. Kh2 Qg5 0-1

[Event "1st FIDE OWCCCC Pools-East 2021"]
[Site "Online"]
[Date "2021.02.20"]
[Round "5.11"]
[White "Panin, Artem"]
[Black "Ballmer, Mirko"]
[Result "0-1"]
[WhiteElo "1791"]
[BlackElo "2039"]
[Annotator "ChessBase"]
[PlyCount "92"]
[EventDate "2021.02.19"]
[EventType "team-tourn"]
[EventCountry "NET"]
[SourceTitle "playchess.com"]
[Source "ChessBase"]
[SourceQuality "1"]

1. d4 e6 2. Nf3 Nf6 3. e3 b6 4. c4 d5 5. Nc3 Bb7 6. Be2 Bd6 7. h3 a6 8. O-O O-O 9. a3 Nbd7 10. cxd5 exd5 11. Bd2 Ne4 12. Qc2 Qe7 13. b4 f5 14. Rfc1 Rae8 15. Rab1 f4 16. exf4 Nxd2 17. Nxd2 Bxf4 18. Bf3 Nf6 19. Ne2 Bd6 20. Qb3 Kh8 21. Nf1 Ne4 22. Qc2 Qh4 23. Nfg3 Ng5 24. Bg4 Ne4 25. Rf1 Bc8 26. Bxc8 Rxc8 27. Qd3 Rf6 28. Nxe4 dxe4 29. Qe3 Rcf8 30. Nc3 Re6 31. Rbe1 Bf4 32. Qe2 Rfe8 33. g3 Bxg3 34. fxg3 Qxg3+ 35. Qg2 Qxc3 36. Re2 Rg6 37. Kh1 Rxg2 38. Rxg2 Qxh3+ 39. Kg1 h6 40. Rff2 e3 41. Re2 Qh4 42. d5 Qd4 43. Kf1 Qxd5 44. Ke1 Qb3 45. Rh2 Rd8 46. Rh3 Rd1# 0-1

[Event "1st FIDE OWCCCC Pools-East 2021"]
[Site "Online"]
[Date "2021.02.20"]
[Round "5.11"]
[White "Stohanzl, Nikola"]
[Black "Stanic, Zoran"]
[Result "0-1"]
[WhiteElo "1763"]
[BlackElo "2131"]
[Annotator "TA"]
[PlyCount "112"]
[EventDate "2021.02.19"]
[EventType "team-tourn"]
[EventCountry "NET"]
[SourceTitle "playchess.com"]
[Source "ChessBase"]
[SourceQuality "1"]

1. f4 Nf6 2. Nf3 d6 3. e3 g6 4. b3 Bg7 5. Bb2 O-O 6. Bd3 Nc6 7. O-O Re8 8. Qe1 e5 9. fxe5 dxe5 10. Bb5 Qd6 11. Bxc6 bxc6 12. Qh4 h6 13. Na3 Ba6 14. Rf2 e4 15. Nd4 g5 16. Qg3 Qxg3 17. hxg3 Ng4 18. Rf5 Be5 19. Rxe5 Nxe5 20. Kf2 Rad8 21. Rd1 c5 22. Ndb5 c6 23. Nc7 Ng4+ 24. Ke1 Bc8 25. Nxe8 Rxe8 26. Nc4 Ba6 27. Nd6 Re6 28. Nc4 Bxc4 29. bxc4 Re8 30. Ra1 Rb8 31. Bc3 f5 32. Ke2 Kf7 33. a4 Ke6 34. a5 a6 35. d3 exd3+ 36. cxd3 Rb3 37. Rc1 Ne5 38. d4 Nxc4 39. dxc5 Kd5 40. Bd4 f4 41. gxf4 gxf4 42. Kf3 fxe3 43. Rc3 Rxc3 44. Bxc3 Kxc5 45. Ke4 Kb5 46. Bd4 c5 47. Bxe3 Nxe3 48. Kxe3 Kxa5 49. Kd3 Kb4 50. Kc2 c4 51. g4 c3 52. Kc1 Kb3 53. Kb1 c2+ 54. Kc1 a5 55. g5 hxg5 56. Kd2 Kb2 0-1

[Event "1st FIDE OWCCCC Pools-East 2021"]
[Site "Online"]
[Date "2021.02.20"]
[Round "5.12"]
[White "Sabitov, Rustam"]
[Black "Moosa, Hamad"]
[Result "1-0"]
[WhiteElo "2196"]
[BlackElo "1373"]
[Annotator "NA"]
[PlyCount "91"]
[EventDate "2021.02.19"]
[EventType "team-tourn"]
[EventCountry "NET"]
[SourceTitle "playchess.com"]
[Source "ChessBase"]
[SourceQuality "1"]

1. e4 c5 2. Nf3 d6 3. Bb5+ Nc6 4. O-O Bd7 5. Re1 e5 6. d3 Nf6 7. Nbd2 Be7 8. Nf1 O-O 9. a4 a6 10. Bxc6 Bxc6 11. a5 Re8 12. c4 Bf8 13. Bd2 b5 14. axb6 Qxb6 15. Bc3 a5 16. Ne3 g6 17. Nd2 Bg7 18. Rf1 Nd7 19. Nd5 Bxd5 20. cxd5 f5 21. Nc4 Qc7 22. Rxa5 Rxa5 23. Bxa5 Qb8 24. Qa4 Re7 25. Qc6 fxe4 26. dxe4 Nf6 27. f3 Ne8 28. Bb6 Bh6 29. Ra1 Kf7 30. Ra8 Qb7 31. Rxe8 Qxc6 32. Rxe7+ Kxe7 33. dxc6 Bc1 34. Bc7 Bf4 35. Bxd6+ Kd8 36. c7+ Kc8 37. Nb6+ Kb7 38. c8=Q+ Kxb6 39. Qxc5+ Ka6 40. Bc7 Kb7 41. Qb6+ Kc8 42. Qc6 Be3+ 43. Kf1 Bf4 44. Bb6+ Kb8 45. Qc7+ Ka8 46. Qa7# 1-0